Ethos y autoformación del docente : análisis de dispositivos de formación de profesores /

Se presentan los resultados del análisis de diversos dispositivos de formación de docentes de educación básica y educación superior. Se abordan dispositivos formales y no formales, convencionales y no convencionales; de formación inicial, continua y de posgrado. Además se analizan, por medio del rec...

ver descrição completa

Na minha lista:
Detalhes bibliográficos
Autor principal: Yurén Camarena, María Teresa (coord.)
Outros Autores: Navia Antezana, Cecilia (coordinación) (coordinación), Saenger Pedrero, Cony (coordinación) (coordinación)
Formato: Livro
Idioma:espanhol
Publicado em: Barcelona, España : Pomares, 2005, c2005
Assuntos:
Tags: Adicionar Tag
Sem tags, seja o primeiro a adicionar uma tag!

MARC

LEADER 00000nam^a2200000^a^4500
001 000189512
005 20250521000000.0
009 20260310102415.35
020 |a 84-87682-63-4 
037 |a Acervo ITESO - Biblioteca 
041 |a ESP 
082 |a 370. 71  |b YUR 
100 |a Yurén Camarena, María Teresa  |e (coord.) 
245 1 0 |a Ethos y autoformación del docente :  |b análisis de dispositivos de formación de profesores /  |c Coord. de M.T. Yurén Camarena, C. Navia Antezana, C. Saenger Pedrero ; pról. de María José Carrera Gonzalo. 
264 4 |a Barcelona, España :  |b Pomares,  |c 2005, c2005 
300 |a 280 p. 
336 |a texto  |b txt  |2 rdacontenido 
337 |a sin mediación  |b n  |2 rdamedio 
338 |a volumen  |b nc  |2 rdasoporte 
520 |a Se presentan los resultados del análisis de diversos dispositivos de formación de docentes de educación básica y educación superior. Se abordan dispositivos formales y no formales, convencionales y no convencionales; de formación inicial, continua y de posgrado. Además se analizan, por medio del recurso de relatos de vida o experiencias, elementos de dispositivos informales que parecen haber jugado un papel significativo en el proceso formativo de los docentes. 
649 |a XX 
650 |a Formación y Capacitación de Profesores -  |x Tema Principal 
650 |a Formación y Capacitación Laboral 
650 |a Proceso Educativo 
650 |a Etica Profesional 
650 |a Educación 
700 |a Navia Antezana, Cecilia  |e (coordinación) 
700 |a Saenger Pedrero, Cony  |e (coordinación) 
910 |a Fondo General 
920 |a Impresos - Libros 
930 |a Colección General 
905 |a 101 
901 |a 0500132637  |b IT1  |c ACC  |u 20250521 
902 |a https://opac.biblio.iteso.mx/vufind/Record/000189512